Embarazo y nacimiento : educación visual :

Guardado en:
Autor Principal: Calera, Ana María
Otros Autores: Sanchez Ocaña, Ramón
Formato: Libro
Publicado: Barcelona : Jover, 1992
Materias:
Etiquetas: Agregar Etiqueta
Sin Etiquetas, Sea el primero en etiquetar este registro!
LEADER 00684nam a22002055a 4500
001 CEM.cems009086
005 20090907110545.0
008 130507s1992##################000#0#####d
003 CEMS
020 |a 8470933566 
082 0 4 |a 612.6 
100 1 |a Calera, Ana María 
245 1 0 |a Embarazo y nacimiento :  |b educación visual :  |c Ana María Calera, Ramón Sánchez Ocaña 
260 |a Barcelona :  |b Jover,  |c 1992 
300 |a 96 p. 
505 0 |a Las primeras preguntas -- Cambios físicos en la embarazada -- El peso y la dieta 
653 |a Embarazo 
653 |a Embarazo-fisiología 
700 1 |a Sanchez Ocaña, Ramón 
859 |a CEMS  |b BIB. CEMS - 11 de abril  |h 612.6  |i C128  |p 18699.95  |t Ej.1  |v 2  |3 2